05681nam a22005655i 4500001001800000003000900018005001700027007001500044008004100059020001800100024003500118050001300153050002000166072001600186072001800202072002300220082001400243100003800257245020800295264008200503300004500585336002600630337002600656338003600682347002400718490005800742505302300800520059703823650002204420650002304442650002504465650002904490650002104519650003304540650002204573650004604595650005504641650004704696650002504743650004204768650002504810700003104835700002904866700002404895710003404919773002004953776003604973830005805009856004805067978-3-642-35139-6DE-He21320140220083330.0cr nn 008mamaa121119s2012 gw | s |||| 0|eng d a97836423513967 a10.1007/978-3-642-35139-62doi 4aQ334-342 4aTJ210.2-211.495 7aUYQ2bicssc 7aTJFM12bicssc 7aCOM0040002bisacsh04a006.32231 aZanzotto, Fabio Massimo.eeditor.10aBrain Informaticsh[electronic resource] :bInternational Conference, BI 2012, Macau, China, December 4-7, 2012. Proceedings /cedited by Fabio Massimo Zanzotto, Shusaku Tsumoto, Niels Taatgen, Yiyu Yao. 1aBerlin, Heidelberg :bSpringer Berlin Heidelberg :bImprint: Springer,c2012. aXVI, 374 p. 134 illus.bonline resource. atextbtxt2rdacontent acomputerbc2rdamedia aonline resourcebcr2rdacarrier atext filebPDF2rda1 aLecture Notes in Computer Science,x0302-9743 ;v76700 aThinking and Perception-Centric Investigations of Human Information Processing System -- Associative Information Processing in Parahippocampal Place Area (PPA): An fMRI Study -- Language Acquisition Is an Optimized Process Balanced between Holistic and Compositive -- Object Recognition Test in Peripheral Vision: A Study on the Influence of Object Color, Pattern and Shape -- Basic Level Advantage during Information Retrieval: An ERP Study -- A Skill Learning during Heuristic Problem Solving: An fMRI Study -- The Role of Category Label in Adults’ Inductive Reasoning -- Estimation of Visual Feedback Contribution to Limb Stiffness in Visuomotor Control -- Rule Acquisition in the Proceeding of Heuristic Sudoku Solving -- BatGaze: A New Tool to Measure Depth Features at the Center of Gaze during Free Viewing -- A Brain Informatics Approach to Explain the Oblique Effect via Depth Statistics -- An Agent Model for Temporal Dynamics Analysis of a Person with Chronic Fatigue Syndrome -- A Na¨ıve Hypergraph Model of Brain Networks -- The Effect of Individual Psychological Characteristics on Creativity Revelation: Emphasis with Psychological Empowerment and Intrinsic Motivation -- Information Technologies for the Management, Use, and Simulation of Brain Data -- Modeling and Optimization of Information Retrieval for Perception-Based Information -- Sleep Physiological Dynamics Simulation with Fuzzy Set -- Parallels between Machine and Brain Decoding -- Detecting Emotion from EEG Signals Using the Emotive Epoc Device -- An Efficient Visibility Graph Similarity Algorithm and Its Application on Sleep Stages Classification -- Information-Theoretic Based Feature Selection for Multi-Voxel Pattern Analysis of fMRI Data -- Applications -- Multiplications of EEG Samples through Replicating, Biasing, and Overlapping -- The Impact of PSO Based Dimension Reduction on EEG Classification -- Modified Shared Circuits Model for Manufacturing Processes Control: From Psychology and Neuroscience to a Computational Solution -- A Brain-Inspired Computational Model of Emotion and Attention Interaction -- Chinese Medicine Formula Network Analysis for Core Herbal Discovery -- An EEG-Based Brain Informatics Application for Enhancing Music Experience -- Decoding of EEG Activity from Object Views: Active Detection vs. Passive Visual Tasks -- A Cognitive Architecture Based on Cognitive/Neurological Dual-System Theories -- Special Session on Granular Computing and Brain Informatics -- Preliminary Study Using Granular Computing for Remote Sensing Image Segmentation Involving Roughness -- Semi-supervised Clustering via Constrained Symmetric Non-negative Matrix Factorization -- Granular Association Rule Mining through Parametric Rough Sets -- Comparison of Granular Computing Models in a Set-Theoretic Framework -- Multiple Representations of Web Content for Effective Knowledge Utilization -- Rule Measures Tradeoff Using Game-Theoretic Rough Sets -- A Comparison Study of Cost-Sensitive Classifier Evaluations. aThis book constitutes the refereed proceedings of the International Conference on Brain Informatics, BI 2012, held in Macau, China, in December 2012. The 34 revised full papers  were carefully reviewed and selected for inclusion in the book. The papers are organized in topical sections  on computer science, information technology, artificial intelligence, web intelligence, cognitive science, neuroscience, medical science, life science, economics, data mining, data and knowledge engineering, intelligent agent technology, human computer interaction, complex systems, and system science. 0aComputer science. 0aComputer software. 0aDatabase management. 0aArtificial intelligence. 0aComputer vision. 0aOptical pattern recognition.14aComputer Science.24aArtificial Intelligence (incl. Robotics).24aInformation Systems Applications (incl. Internet).24aAlgorithm Analysis and Problem Complexity.24aDatabase Management.24aImage Processing and Computer Vision.24aPattern Recognition.1 aTsumoto, Shusaku.eeditor.1 aTaatgen, Niels.eeditor.1 aYao, Yiyu.eeditor.2 aSpringerLink (Online service)0 tSpringer eBooks08iPrinted edition:z9783642351389 0aLecture Notes in Computer Science,x0302-9743 ;v767040uhttp://dx.doi.org/10.1007/978-3-642-35139-6